<?xml version="1.0" encoding="UTF-8"?>
<record
    xmlns:xsi="http://www.w3.org/2001/XMLSchema-instance"
    xsi:schemaLocation="http://www.loc.gov/MARC21/slim http://www.loc.gov/standards/marcxml/schema/MARC21slim.xsd"
    xmlns="http://www.loc.gov/MARC21/slim">

  <leader>01081nam a22002297a 4500</leader>
  <controlfield tag="005">20240821142116.0</controlfield>
  <controlfield tag="008">220423b           ||||| |||| 00| 0 eng d</controlfield>
  <datafield tag="040" ind1=" " ind2=" ">
    <subfield code="c">AL</subfield>
  </datafield>
  <datafield tag="041" ind1=" " ind2=" ">
    <subfield code="a">Kannada</subfield>
  </datafield>
  <datafield tag="082" ind1=" " ind2=" ">
    <subfield code="2">23</subfield>
    <subfield code="a">320.5K</subfield>
    <subfield code="b">LOHB</subfield>
  </datafield>
  <datafield tag="100" ind1=" " ind2=" ">
    <subfield code="a">Ramamanohar Lohia  </subfield>
    <subfield code="9">177680</subfield>
  </datafield>
  <datafield tag="100" ind1=" " ind2=" ">
    <subfield code="9">31209</subfield>
    <subfield code="d">&#xCB0;&#xCBE;&#xCAE;&#xCAE;&#xCA8;&#xCCB;&#xCB9;&#xCB0;  &#xCB2;&#xCCB;&#xCB9;&#xCBF;&#xCAF;&#xCBE;</subfield>
  </datafield>
  <datafield tag="245" ind1=" " ind2=" ">
    <subfield code="a">Bhashe mattu Itihasa: Ramamanohar Lohia Barahgalu  Samputa III </subfield>
    <subfield code="b">&#xCAD;&#xCBE;&#xCB7;&#xCC6; &#xCAE;&#xCA4;&#xCCD;&#xCA4;&#xCC1; &#xC87;&#xCA4;&#xCBF;&#xCB9;&#xCBE;&#xCB8;: &#xCB0;&#xCBE;&#xCAE;&#xCAE;&#xCA8;&#xCCB;&#xCB9;&#xCB0;  &#xCB2;&#xCCB;&#xCB9;&#xCBF;&#xCAF;&#xCBE;  &#xCAC;&#xCB0;&#xCB9;&#xC97;&#xCB3;&#xCC1; &#xCB8;&#xC82;&#xCAA;&#xCC1;&#xC9F; III</subfield>
  </datafield>
  <datafield tag="260" ind1=" " ind2=" ">
    <subfield code="a">Bengaluru</subfield>
    <subfield code="b">Kannada mattu sanskrti nirdeshanalya</subfield>
    <subfield code="c">1998</subfield>
  </datafield>
  <datafield tag="300" ind1=" " ind2=" ">
    <subfield code="a">xxi,280 p.</subfield>
    <subfield code="b">HB</subfield>
    <subfield code="c">21.5x14 cm.</subfield>
  </datafield>
  <datafield tag="365" ind1=" " ind2=" ">
    <subfield code="b">&#x20B9;25.00</subfield>
    <subfield code="c">&#x20B9;</subfield>
    <subfield code="d">&#x20B9;25.00</subfield>
  </datafield>
  <datafield tag="650" ind1=" " ind2=" ">
    <subfield code="a">Bhashe mattu Itihasa &#xCAD;&#xCBE;&#xCB7;&#xCC6; &#xCAE;&#xCA4;&#xCCD;&#xCA4;&#xCC1; &#xC87;&#xCA4;&#xCBF;&#xCB9;&#xCBE;&#xCB8;</subfield>
    <subfield code="9">31210</subfield>
  </datafield>
  <datafield tag="700" ind1=" " ind2=" ">
    <subfield code="a">LOHIA (Ramamanohar)  &#xCB2;&#xCCB;&#xCB9;&#xCBF;&#xCAF;&#xCBE; ( &#xCB0;&#xCBE;&#xCAE;&#xCAE;&#xCA8;&#xCCB;&#xCB9;&#xCB0;)</subfield>
    <subfield code="9">31211</subfield>
  </datafield>
  <datafield tag="700" ind1=" " ind2=" ">
    <subfield code="a">NAGAVARA (Kalegowda)  &#xCA8;&#xCBE;&#xC97;&#xCB5;&#xCBE;&#xCB0; (&#xC95;&#xCBE;&#xCB3;&#xCC7;&#xC97;&#xCCC;&#xCA1;  )</subfield>
    <subfield code="9">31212</subfield>
  </datafield>
  <datafield tag="700" ind1=" " ind2=" ">
    <subfield code="a">HULIYAR(Nataraj) &#xCB9;&#xCC1;&#xCB3;&#xCBF;&#xCAF;&#xCBE;&#xCB0;&#xCCD; ( &#xCA8;&#xC9F;&#xCB0;&#xCBE;&#xC9C;&#xCCD; )</subfield>
    <subfield code="9">31213</subfield>
  </datafield>
  <datafield tag="942" ind1=" " ind2=" ">
    <subfield code="2">ddc</subfield>
    <subfield code="c">GF</subfield>
  </datafield>
  <datafield tag="999" ind1=" " ind2=" ">
    <subfield code="c">222576</subfield>
    <subfield code="d">222576</subfield>
  </datafield>
  <datafield tag="952" ind1=" " ind2=" ">
    <subfield code="0">0</subfield>
    <subfield code="1">0</subfield>
    <subfield code="2">ddc</subfield>
    <subfield code="4">0</subfield>
    <subfield code="7">0</subfield>
    <subfield code="8">PS</subfield>
    <subfield code="a">AL</subfield>
    <subfield code="b">AL</subfield>
    <subfield code="d">2013-03-24</subfield>
    <subfield code="l">0</subfield>
    <subfield code="o">320.5K LOHB</subfield>
    <subfield code="p">GF02909</subfield>
    <subfield code="r">2022-04-23 00:00:00</subfield>
    <subfield code="w">2022-04-23</subfield>
    <subfield code="y">GF</subfield>
  </datafield>
</record>
